MARC

LEADER 00000nab a2200000 a 4500
001 vtls000903917
003 SK-MaSNL
005 20260304210047.0
008 040720e20000420xo 0 slo
035 |a KE12874 
040 |a KEVKJB  |b slo  |c KEVKJB  |e AACR2 
041 0 |a slo 
044 |a xo  |c SK 
080 |a 82-94  |2 1981 
080 |a 943.767.1  |2 1981 
100 1 |a Duchoň, Jozef  |4 aut  |9 317656 
245 1 0 |a Košické kroniky  |b Turcsányiho kronika z roku 1834. Časť tretia 
300 |b 3 obr. 
518 |a 1834 
590 |a Turcsányi, A.  |b kronikár 
600 1 7 |a Turcsányi, A.  |2 KEVKJB  |9 1540851 
610 2 7 |a Mestská knižnica (Košice, Slovensko)  |2 KEVKJB  |9 95256 
610 2 7 |a Krajská ľudová knižnica (Košice, Slovensko)  |2 KEVKJB  |9 94840 
650 0 7 |a kroniky  |2 KEVKJB  |9 29539 
650 0 7 |a letopisy  |2 KEVKJB  |9 371535 
650 0 7 |a Kassai Századok (kronika)  |2 KEVKJB  |9 1540852 
650 0 7 |a Košické storočia (kronika-preklad názvu)  |2 KEVKJB  |9 1540853 
650 0 7 |a osudy kroniky  |2 KEVKJB  |9 1540854 
650 0 7 |a popis kroniky  |2 KEVKJB  |9 879586 
650 0 7 |a preklad  |2 KEVKJB  |9 25315 
650 0 7 |a štúdie  |2 KEVKJB  |9 92810 
651 7 |a Košice (Slovensko)  |2 KEVKJB  |9 18694 
651 7 |a KE,  |2 KEVKJB  |9 877256 
655 7 |a periodikum  |2 snkbucl  |9 29553 
710 2 |a Mestská knižnica (Košice, Slovensko)  |4 aut  |9 95256 
710 2 |a Krajská ľudová knižnica (Košice, Slovensko)  |4 aut  |9 94840 
773 0 8 |t Košický večer  |g Roč. 11  |g Roč. 32, 20.4.2000, s. 10 
773 0 8 |i Príl.:  |t Magazín. - Roč. 5, č. 16 (2000) 
852 |a ZVYKNI  |b KIS3GCP 
999 |c 3124313  |d 3126243